00255 a2200121 4500001000700000020001800007040001100025100003200036240002700068245002200095300000700117440000900124183413 a85-329-0207-3 cMagnum aLima, Norma Sofia Coelho de10aElê... o quê?lpor10aElê... o quê? a15 1aLê